A Glance at traditional Landraces of Rice/ (Record no. 212516)

MARC details
000 -LEADER
fixed length control field 00727nam a2200229 4500
005 - DATE AND TIME OF LATEST TRANSACTION
control field 20250723161603.0
010 ## - LCCN (DPL NO)
LC control number ENG-146090
020 ## - INTERNATIONAL STANDARD BOOK NUMBER
International Standard Book Number 9789394899568
Terms of availability 220.00
035 ## - SYSTEM CONTROL NUMBER
System control number EN-129622
037 ## - SOURCE OF ACQUISITION
Source of stock number/acquisition DBAD
082 ## - DEWEY DECIMAL CLASSIFICATION NUMBER
Classification number 633.18
100 ## - MAIN ENTRY--PERSONAL NAME
Personal name Krishnan, V.
245 ## - TITLE STATEMENT
Title A Glance at traditional Landraces of Rice/
Statement of responsibility, etc V. Krishnan...[et.al]
250 ## - EDITION STATEMENT
Edition statement 1
260 ## - PUBLICATION, DISTRIBUTION, ETC. (IMPRINT)
Place of publication, distribution, etc Madurai
Name of publisher, distributor, etc Shanlax Publications
Date of publication, distribution, etc 2022
270 ## - ADDRESS
Address 61,66 Vasantha Nagar
City Madurai
Postal code 625003
Electronic mail address shanlaxpublications@gmail.com
300 ## - PHYSICAL DESCRIPTION
Extent 102p.
Dimensions 22cm(Pb)
700 ## - ADDED ENTRY--PERSONAL NAME
Personal name A. Anuratha
Relator term Author
9 (RLIN) 83207
700 ## - ADDED ENTRY--PERSONAL NAME
Personal name Jayaramachandran, M.
Relator term Author
9 (RLIN) 83208
700 ## - ADDED ENTRY--PERSONAL NAME
Personal name Vengadessan, V.
Relator term Author
9 (RLIN) 83209
942 ## - ADDED ENTRY ELEMENTS (KOHA)
Source of classification or shelving scheme Dewey Decimal Classification
Item type English Books
Classification part 633.18
Call number suffix KRI
Holdings
Withdrawn status Lost status Not for loan Collection code Home library Current library Date acquired Source of acquisition Cost, normal purchase price Full call number Barcode Copy number Cost, replacement price Koha item type
    Not For Loan Non-fiction Bawana Bawana 23/07/2025 Delivery of Books Act Division 220.00 633.18 KRI EN-129622 1 220.00 English Books

© Delhi Public Library
Hit Counter
free hit counter